000 00334nam a2200121Ia 4500
003 GCL
008 140319s9999 xx 000 0 ara d
040 _aGCL /
_cGCL
082 0 4 _a813.0873
_bج ر
245 1 0 _aفتاه الفيروان
260 _a[S.N] :
_bدار الجيل
490 _aروايات الجيل الرومانسية
_v0
999 _c55563
_d55563